000 00805nam a2200205 a 4500
001 000007421
005 20240409073638.0
008 090908s1960 dr c 001 0 spa d
040 _aDO-SdBNP
_bspa
_cBNPHU
082 _a345.72930231
_bH519c
100 1 _aHenríquez Castillo, Luis
_919632
245 1 0 _aCrímenes contra la seguridad interior y exterior del Estado dominicano /
_cLuis Henríquez Castillo.
260 _aCiudad Trujillo, República Dominicana :
_bLa Nación,
_c1960.
300 _axv, 563 p. :
_bil., retrs. ;
_c26 cm.
500 _aIncluye índice alfabético
590 _aInventariado, 2018/ YL
650 4 _aProcesos por delitos políticos
_zRepública Dominicana
_920608
650 4 _aActividades subversivas
_zRepública Dominicana
_920609
910 _aValidado. Control de calidad MFF
999 _c7202
_d7202